000 00533nam a2200181 a 4500
005 20140310183207.0
008 030203s19uu xx 00 eng d
020 _a0721690475
050 _aRM 125
_b.M28 2002
100 _aMcCuistion, Linda E.
245 _aReal world nursing survival guide :
_bPharmacology /
_cLinda E. McCuistion.
260 _aUnited States,
_bW.B Saunders Company,
_c2002.
300 _a446 p. :
_bcol. ill. ;
_c23 cm.
521 _aNUR
650 _aPharmacology
942 _cBK
_2lcc
_kFOR
999 _c20024
_d20024